Pensamientos del P. Luis Francisco D'Argentan acerca de las grandezas de la Santísima Virgen

Detalles Bibliográficos
Autor principal: D'Argentan, Luis Francisco
Formato: Libro
Lenguaje:Spanish
Publicado: Madrid : establecimiento tipográfico-literario de D. Nicolás de Castro Palomino, 1852.
Edición:Segunda edición
Serie editorial:Biblioteca Clásica de Religión
Materias:
Colección:Banco de datos
Acervo:Biblioteca de la Orden de Carmelitas Descalzas de San José y Santa Teresa de Puebla. Puebla
Descripción Física:300 p. ; 21. 5 cm.
Tema general:Mariología
Notas:Portada tipográfica con plecas. Encudernación en keratol con lomo en piel. Sello en tinta del Convento de Carmelitas D. de N. P. S. S. José y N. M. S. Teresa de Puebla
LEADER 01010nam a22002050004500
035 |a 200 
041 0 |a spa 
100 1 |a D'Argentan, Luis Francisco 
245 1 0 |a Pensamientos del P. Luis Francisco D'Argentan acerca de las grandezas de la Santísima Virgen 
250 |a Segunda edición 
260 |a Madrid : establecimiento tipográfico-literario de D. Nicolás de Castro Palomino, 1852. 
300 |a 300 p. ; 21. 5 cm. 
440 0 |a Biblioteca Clásica de Religión 
500 |a Portada tipográfica con plecas. Encudernación en keratol con lomo en piel. Sello en tinta del Convento de Carmelitas D. de N. P. S. S. José y N. M. S. Teresa de Puebla 
504 |a Al final de la obra está el índice de contenido 
650 1 0 |a Mariología 
949 |a Fondo Bibliográfico Antiguo de las Carmelitas Descalzas de San José y Santa Teresa, Puebla, Puebla 305 
942 |c CARMELITAS 
943 |g Biblioteca de la Orden de Carmelitas Descalzas de San José y Santa Teresa de Puebla. Puebla 
999 |c 950659  |d 950659